Statistics for World Cities We Have Been To

Click here to take the quiz!

General Stats

  • This quiz has been taken 26 times
  • The average score is 12 of 25

Answer Stats

Country City % Correct
IrelandDublin
100%
GermanyBerlin
96%
CanadaToronto
96%
BelgiumBrussels
88%
DenmarkCopenhagen
88%
NetherlandsAmsterdam
88%
CanadaVancouver
83%
IcelandReykjavik
79%
EthiopiaAddis Ababa
75%
CanadaMontreal
75%
GermanyFrankfurt
67%
NetherlandsThe Hague
58%
SwedenMalmo
50%
LuxembourgLuxembourg
50%
ZambiaLusaka
46%
CanadaNiagara Falls
29%
ZambiaLivingstone
8%
GermanyKoblenz
8%
BelgiumBrugge
8%
ZambiaMansa
4%
ZambiaN'chelenge
4%
ZambiaNdola
4%
NetherlandsHaarlem
4%
NetherlandsGouda
4%
LuxembourgVianden
4%

Score Distribution

Percentile by Number Answered

Percent of People with Each Score

Your Score History

You have not taken this quiz